000 01248nam1a2200301 i 4500
001 RU\NLR\bibl\278310
005 20260406041606.0
035 _a(NLR Aleph) 000273813
090 _a1601399
_c1601399
100 _a20020619g20019999u y0rusy50 ca
101 0 _arus
102 _aRU
105 _ay |||||||||
200 1 _aСборник задач и упражнений по математическому анализу
_fЛяшко С.И., Боярчук А.К., Александрович И.Н. и др.
_gПод ред. акад. НАН Украины Ляшко И.И.
210 _aМ. и др.
_cДиалектика
_d2001
215 _d23
463 0 _1001261995
606 0 _aМатематический анализ
_jЗадачники
_9963473
_3RU\NLR\auth\6641277
686 _aВ161я73-4
701 1 _aЛяшко
_bС. И.
_gСергей Иванович
_4070
701 1 _4070
_8rus
_7ca
_aБоярчук
_bА. К.
_f1925-1999
_gАлексей Климентьевич
_3RU\NLR\auth\771958
_9111975
701 1 _aАлександрович
_bИ. Н.
_4070
702 1 _aЛяшко
_bИ. И.
_4340
801 0 _aRU
_bNLR
_c20020619
_gPSBO
801 1 _aRU
_bNLR
_c20020619
852 _aNLR
_j2002-7/1905
942 _cBOOK